Discovering greater Phoenix : (Record no. 470)

MARC details
000 -LEADER
fixed length control field 00598nam a2200193 a 4500
005 - DATE AND TIME OF LATEST TRANSACTION
control field 20260322212021.0
008 - FIXED-LENGTH DATA ELEMENTS--GENERAL INFORMATION
fixed length control field data
020 ## - INTERNATIONAL STANDARD BOOK NUMBER
International Standard Book Number 1886483256
020 ## - INTERNATIONAL STANDARD BOOK NUMBER
International Standard Book Number 9781886483255
092 ## - LOCALLY ASSIGNED DEWEY CALL NUMBER (OCLC)
Classification number 819 L85 1998
001 - CONTROL NUMBER
control field data
100 1# - MAIN ENTRY--PERSONAL NAME
Personal name Luckingham, Bradford.
245 10 - TITLE STATEMENT
Title Discovering greater Phoenix :
Remainder of title an illustrated history /
Statement of responsibility, etc. Bradford Luckingham & Barbara Luckingham.
260 ## - PUBLICATION, DISTRIBUTION, ETC.
Place of publication, distribution, etc. Carlsbad, Calif. :
Name of publisher, distributor, etc. Heritage Media Corp.,
Date of publication, distribution, etc. 1998.
300 ## - PHYSICAL DESCRIPTION
Extent 343 p. : ill. ;
Other physical details 22 cm.
504 ## - BIBLIOGRAPHY, ETC. NOTE
Bibliography, etc. note Includes bibliographical references and index.
650 #0 - SUBJECT ADDED ENTRY--TOPICAL TERM
Topical term or geographic name entry element Phoenix (Ariz.)
General subdivision History
700 1# - ADDED ENTRY--PERSONAL NAME
Personal name Luckingham, Barbara
Holdings
Withdrawn status Lost status Damaged status Not for loan Home library Current library Shelving location Date acquired Total checkouts Full call number Barcode Date last seen Price effective from Koha item type
        Pleasant Valley Pleasant Valley General stacks 22/03/2026   GEN BC0010481 22/03/2026 22/03/2026 Books